La geografía y la historia, elementos del medio

Gorde:
Xehetasun bibliografikoak
Egile Nagusiak: Anadón Benedicto, Juana (Egilea), Aparicio Gervás, Jesús María (Egilea), Comes Solé, Pilar (Egilea), González Gallego, Isidoro (Egilea), Hernández Cardona, Francesc Xavier (Egilea), Martínez Ferreira, José María (Egilea), Rodríguez Iglesias, Guadalupe (Egilea), Sánchez Agustí, María (Egilea)
Formatua: Liburua
Hizkuntza:gaztelania
Argitaratua: Madrid Secretaría General Técnica 2002
Gaiak:
Etiketak: Etiketa erantsi
Etiketarik gabe, Izan zaitez lehena erregistro honi etiketa jartzen!

MARC

LEADER 00000nam a2200000 a 4500
001 UCL6654
003 CL-VaPUC
008 040416e20020000SP |||||||||||||||||spa|d
020 |a 8436935403 
082 0 4 |a 900.712  |b ANA  |2 21 
100 0 |a Anadón Benedicto, Juana  |e author  |9 484280 
700 0 |a Aparicio Gervás, Jesús María  |e author  |9 484281 
700 0 |a Comes Solé, Pilar  |e author  |9 484282 
700 |a González Gallego, Isidoro  |e author  |9 596704 
700 |a Hernández Cardona, Francesc Xavier  |e author  |9 597782 
700 0 |a Martínez Ferreira, José María  |e author  |9 484285 
700 0 |a Rodríguez Iglesias, Guadalupe  |e author  |9 484286 
700 0 |a Sánchez Agustí, María  |e author  |9 484287 
245 1 3 |a La geografía y la historia, elementos del medio 
300 |a 329 p 
942 |c BK 
945 |d 20040416 00:00:00  |a cmena 
260 |a Madrid  |b Secretaría General Técnica  |c 2002 
650 0 |a Enseñanza de la geografía  |9 310005 
650 0 |a Enseñanza de la historia   |9 307330 
650 0 |a Formación profesional de profesores  |9 307493 
650 0 |a Métodos de enseñanza  |9 270413 
583 |a last modification  |c 20040416 00:00:00  |k Rodrigo Vera 
999 |c 308645  |d 308643 
952 |0 0  |1 0  |4 0  |6 900_712000000000000_ANA_2002  |7 0  |8 A  |9 375318  |a BIBHIS  |b BIBHIS  |d 2019-11-21  |i 4006798  |o 900.712 ANA 2002  |p 4006798  |r 2025-01-20  |w 2019-11-21  |y BK  |k HIS